00746cam a2200229 a 4500001000800000005001700008008004100025010001700066020001500083040001800098041000800116080002200124082002600146100000700172101000800179245008100187504005300268906004500321942001200366999001700378952012100395114316320180112035550.0950420s1995 maua b 001 0 eng  a 95018195  a0205167519 aDLCcDLCdDLC aeng a809.892820711 BRO00a809.892820711 BRO2201 a47 aEDU10aEssentials of children's literature /cCarl M. Tomlinson, Carol Lynch-Brown. aIncludes bibliographical references and indexes. a7bcbccorignewd1eocipf19gy-gencatlg 2ddccBK c40161d40161 00102udc40708PËKGa002b002cPËKGd2018-01-12l0o809.892820711 BROp002-2994951r2018-01-12w2018-01-12yBK